Flight from the north. (Record no. 60424)
[ view plain ]
| 000 -LEADER | |
|---|---|
| fixed length control field | 00990cam a2200205 4500 |
| 001 - CONTROL NUMBER | |
| control field | ABS60775 |
| 008 - FIXED-LENGTH DATA ELEMENTS--GENERAL INFORMATION | |
| fixed length control field | 000000n1999 000 0 eng u |
| 035 ## - SYSTEM CONTROL NUMBER | |
| System control number | (Sirsi) u101271 |
| 100 ## - MAIN ENTRY--PERSONAL NAME | |
| Personal name | Holmans, A. |
| 245 ## - TITLE STATEMENT | |
| Title | Flight from the north. |
| 260 ## - PUBLICATION, DISTRIBUTION, ETC. | |
| Date of publication, distribution, etc. | 1999 |
| 490 ## - SERIES STATEMENT | |
| Series statement | Housing Today |
| Volume/sequential designation | (139) 24 June 1999, 20-21(2) |
| 520 ## - SUMMARY, ETC. | |
| Summary, etc. | A new report by the Joseph Rowntree Foundation, "Low demand: separating fact from fiction" takes as its theme the question of low demand for social housing, and asks whether this means government projections for an increase in the number of households are correct. Concludes that although some areas of the north are experiencing low demand, this is primarily due to migration south, where there is a correspondingly high demand for housing. |
| 650 ## - SUBJECT ADDED ENTRY--TOPICAL TERM | |
| Topical term or geographic name entry element | SOCIAL HOUSING |
| 650 ## - SUBJECT ADDED ENTRY--TOPICAL TERM | |
| Topical term or geographic name entry element | HOUSING DEMAND |
| 650 ## - SUBJECT ADDED ENTRY--TOPICAL TERM | |
| Topical term or geographic name entry element | JOSEPH ROWNTREE FOUNDATION |
| 650 ## - SUBJECT ADDED ENTRY--TOPICAL TERM | |
| Topical term or geographic name entry element | MIGRATION |
| 690 ## - LOCAL SUBJECT ADDED ENTRY--TOPICAL TERM (OCLC, RLIN) | |
| Topical term or geographic name as entry element | PROPERTY-RESIDENTIAL PROPERTY-RESIDENTIAL PROPERTY MARKET |
| 942 ## - ADDED ENTRY ELEMENTS (KOHA) | |
| Suppress in OPAC | 0 |
| Withdrawn status | Lost status | Source of classification or shelving scheme | Damaged status | Not for loan | Home library | Current library | Shelving location | Date acquired | Total Checkouts | Full call number | Barcode | Date last seen | Copy number | Price effective from | Koha item type |
|---|---|---|---|---|---|---|---|---|---|---|---|---|---|---|---|
| Dewey Decimal Classification | London | London | Journal article | 03/11/1999 | ABS60775 | 101271-1001 | 06/08/2019 | 1 | 06/08/2019 | Journal article |